NHL - Every Canadiens goalie since 2000 - Statistics

General Stats
  • This quiz has been taken 59 times
  • The average score is 9 of 25
Answer Stats
Hint Answer % Correct
712 Carey Price
98%
181 Sam Montembeault
89%
16 Jakub Dobes
80%
353 José Théodore
75%
55 Cayden Primeau
68%
127 Jake Allen
68%
101 Jaroslav Halak
64%
117 Cristobal Huet
55%
24 Charlie Lindgren
39%
55 Mike Condon
39%
36 Antti Niemi
32%
54 Peter Budaj
32%
26 Dustin Tokarski
27%
23 Al Montoya
25%
4 Andrew Hammond
25%
16 Alex Auld
20%
1 Marc Denis
18%
39 David Aebischer
16%
15 Ben Scrivens
14%
2 Stéphane Fiset
14%
161 Jeff Hackett
9%
6 Keith Kincaid
7%
43 Mathieu Garon
7%
2 Éric Fichaud
2%
6 Yann Danis
2%
No matching quizzes found
Score Distribution
Percent of People with Each Score
Percentile by Number Answered
Your Score History
You have not taken this quiz